000 00326nam a22001457a 4500
082 _a346.05 DYM
100 _aDymond,Robert
245 _aThe death duties
250 _a12th
260 _aLondon
_c1951
300 _axxxviii
_b23cm.
500 _aIncludes indexes and appendixes
650 _aThe death duties
942 _cBK
999 _c16694
_d16694